Las falacias de la amnistía (Registro nro. 227465)
[ vista simple ]
| 000 -CABECERA | |
|---|---|
| campo de control de longitud fija | 02680nam a2200277 i 4500 |
| 001 - NÚMERO DE CONTROL | |
| campo de control | 227465 |
| 003 - IDENTIFICADOR DEL NÚMERO DE CONTROL | |
| campo de control | ES-MaBCM |
| 005 - FECHA Y HORA DE LA ÚLTIMA TRANSACCIÓN | |
| campo de control | 20250219140736.0 |
| 008 - CÓDIGOS DE INFORMACIÓN DE LONGITUD FIJA | |
| campo de control de longitud fija | 240627s2024 sp ||||| |||| 00| 0 spa d |
| 017 ## - NÚMERO DE COPYRIGHT O DE DEPÓSITO LEGAL | |
| Depósito legal | Gr.635-2024 |
| 020 ## - NÚMERO INTERNACIONAL NORMALIZADO PARA LIBROS(ISBN) | |
| Número Internacional Normalizado para Libros (ISBN) | 978-84-1369-800-7 |
| 035 ## - NÚMERO DE CONTROL DEL SISTEMA | |
| Número de control de sistema | (OCoLC)1436757150 |
| 040 ## - FUENTE DE LA CATALOGACIÓN | |
| Centro transcriptor | ES-MaBCM |
| 100 1# - PUNTO DE ACCESO PRINCIPAL - NOMBRE DE PERSONA | |
| Nombre de persona | Paz-Ares, Cándido |
| 9 (RLIN) | 35764 |
| 245 14 - MENCIÓN DE TÍTULO | |
| Título | Las falacias de la amnistía |
| Mención de responsabilidad etc. | Cándido Paz-Ares |
| 260 ## - PUBLICACIÓN, DISTRIBUCIÓN, ETC. (PIE DE IMPRENTA) | |
| Lugar de publicación distribución etc. | Albolote, Granada : |
| Nombre del editor distribuidor etc. | Editorial , |
| Fecha de publicación distribución etc. | 2024 |
| 300 ## - DESCRIPCIÓN FÍSICA | |
| Extensión | 276 p. |
| Dimensiones | ; 22 cm |
| 490 0# - MENCIÓN DE SERIE | |
| Mención de serie | Los libros del almacén |
| 504 ## - NOTA DE BIBLIOGRAFÍA, ETC. | |
| Nota de bibliografía etc. | Bibliografía: p. 253-276 |
| 520 ## - SUMARIO, ETC. | |
| Sumario etc. | La idea que preside el estudio es muy simple. La amnistía es una institución que tiene cabida en la Constitución, pero la que actualmente se tramita en relación al procés no encaja en la horma. En opinión del autor, tanto la justificación que esgrime como la representación que se arroga son falaces. Lo es desde luego la justificación esgrimida. Ninguno de los argumentos a los que apela goza de sustento mínimamente firme. Los que tienen credibilidad fáctica -así sucede, por ejemplo, con el de la gobernación o el de la desjudicialización- no tienen fuerza normativa; y viceversa: los que tienen fuerza normativa -como ocurre señaladamente con el de la reconciliación- carecen de credibilidad empírica. Esta circunstancia condena la amnistía al fracaso en el juicio constitucional de proporcionalidad. También es falaz la representación arrogada. La falacia proviene ahora del carácter ficticio o irregular de la mayoría parlamentaria sobre la que se hace descansar. Nacida con una tara (la vinculación causal de gracia e investidura), el proceso de deliberación a través del cual se acaba aprobando la medida adolece de falta de autenticidad, de falta de imparcialidad y de falta confiabilidad. Los vicios en cuestión, a la vez que despojan a la ley de su natural presunción de constitucionalidad, determinan en la actuación del legislador una sospecha más que fundada de desviación de poder y, por tanto, de arbitrariedad. La amnistía queda así abocada al fracaso también en el juicio constitucional de razonabilidad. Las objeciones de falta de proporcionalidad y de falta de razonabilidad o arbitrariedad son analíticamente distintas, pero se hallan operativamente entrelazadas. El enlace o trenzado las refuerza mutuamente haciendo inevitable, en el pensamiento del autor, el veredicto de inconstitucionalidad de la Ley de Amnistía en el recurso que a buen seguro se promoverá. |
| 650 #7 - PUNTO DE ACCESO ADICIONAL DE MATERIA--TÉRMINO DE MATERIA | |
| 9 (RLIN) | 57530 |
| Término de materia o nombre geográfico como elemento inicial | Amnistía |
| 650 #7 - PUNTO DE ACCESO ADICIONAL DE MATERIA--TÉRMINO DE MATERIA | |
| 9 (RLIN) | 58078 |
| Término de materia o nombre geográfico como elemento inicial | Constitucionalidad de las leyes |
| 651 #4 - PUNTO DE ACCESO ADICIONAL DE MATERIA--NOMBRE GEOGRÁFICO | |
| 9 (RLIN) | 115342 |
| Nombre geográfico | España |
| 942 ## - ELEMENTOS DE PUNTO DE ACCESO ADICIONAL (KOHA) | |
| Tipo de ítem Koha | Libros |
| Fuente del sistema de clasificación o colocación | Universal Decimal Classification |
| Estado de retiro | Estado de pérdida | Fuente del sistema de clasificación o colocación | Estado dañado | No para préstamo | Localización permanente | Ubicación/localización actual | Ubicación en estantería | Fecha de adquisición | Fuente de adquisición | Total de préstamos | Renovaciones totales | Signatura topográfica completa | Código de barras | Fecha visto por última vez | Fecha del último préstamo | Precio válido a partir de | Tipo de ítem Koha |
|---|---|---|---|---|---|---|---|---|---|---|---|---|---|---|---|---|---|
| Universal Decimal Classification | Biblioteca Central del Ministerio de la Presidencia | Biblioteca Central del Ministerio de la Presidencia | Sala | 11/07/2024 | Compra | 1 | 2 | 63065 | 1076169 | 23/01/2025 | 02/10/2024 | 11/07/2024 | Libros |
